Vista normal Vista MARC

Entrada Topical Term

Número de registros utilizados en: 1

001 - CONTROL NUMBER

  • control field: 11449

003 - CONTROL NUMBER IDENTIFIER

  • control field: OSt

005 - DATE AND TIME OF LATEST TRANSACTION

  • control field: 20201013170705.0

008 - FIXED-LENGTH DATA ELEMENTS

  • fixed length control field: 201013|| aca||aabn | a|a d

040 ## - CATALOGING SOURCE

  • Original cataloging agency: OSt
  • Transcribing agency: OSt

150 ## - HEADING--TOPICAL TERM

  • Topical term or geographic name entry element: Guerras de Independencia (América del Sur: 1806-1830) Biografías historia--

670 ## - SOURCE DATA FOUND

  • Source citation: Work cat.: (OSt)4631: Murray, Pamela Suzanne, autor 11446, Por Bolívar y la gloría : , 2010